Städte und Gemeinden am Bodensee - Statistiken

Allgemein
  • Dieses Quiz wurde 61 mal gespielt
  • Das Durchschnittsergebnis liegt bei 16 aus 55
Antwortstatistiken
Landkreis Bundesland o. Kanton Art d. Ortes Stadt o. Gemeinde Einwohnerzahl % Korrekt
Konstanz Baden-Württemberg Stadt Konstanz 84.760
91%
Lindau Bayern Stadt Lindau (Bodensee) 25.490
87%
Bregenz Vorarlberg Stadtgemeinde Bregenz 29.698
82%
Bodenseekreis Baden-Württemberg Stadt Friedrichshafen 60.865
82%
Kreuzlingen Thurgau Politische Gemeinde Kreuzlingen 22.004
67%
Bodenseekreis Baden-Württemberg Stadt Überlingen am Bodensee 22.554
67%
Bodenseekreis Baden-Württemberg Stadt Meersburg 5.944
64%
Rorschach St. Gallen Politische Gemeinde Rorschach 9.441
56%
Arbon Thurgau Politische Gemeinde Romanshorn 11.165
51%
Bregenz Vorarlberg Marktgemeinde Hard 13.632
49%
Stein Schaffhausen Politische Gemeinde Stein am Rhein 3.415
49%
Arbon Thurgau Politische Gemeinde Arbon 14.633
47%
Konstanz Baden-Württemberg Stadt Radolfzell am Bodensee 31.203
42%
Konstanz Baden-Württemberg Gemeinde Reichenau 5.307
38%
Bodenseekreis Baden-Württemberg Gemeinde Hagnau am Bodensee 1.409
36%
Bodenseekreis Baden-Württemberg Gemeinde Immenstaad am Bodensee 6.532
36%
Bodenseekreis Baden-Württemberg Gemeinde Uhldingen-Mühlhofen 8.305
36%
Bodenseekreis Baden-Württemberg Gemeinde Langenargen 7.721
33%
Lindau Bayern Gemeinde Wasserburg (Bodensee) 3.825
33%
Konstanz Baden-Württemberg Gemeinde Bodman-Ludwigshafen 4.655
31%
Bodenseekreis Baden-Württemberg Gemeinde Kressbronn am Bodensee 8.720
31%
Lindau Bayern Gemeinde Nonnenhorn 1.754
31%
Bodenseekreis Baden-Württemberg Gemeinde Sipplingen 2.095
31%
Bodenseekreis Baden-Württemberg Gemeinde Eriskirch 4.908
24%
Bregenz Vorarlberg Gemeinde Lochau 6.060
24%
Bregenz Vorarlberg Marktgemeinde Hörbranz 6.517
22%
Konstanz Baden-Württemberg Gemeinde Moos 3.243
22%
Konstanz Baden-Württemberg Gemeinde Allensbach 7.087
20%
Kreuzlingen Thurgau Politische Gemeinde Bottighofen 2.226
18%
Konstanz Baden-Württemberg Gemeinde Gaienhofen 3.480
18%
Arbon Thurgau Politische Gemeinde Horn 2.752
18%
Kreuzlingen Thurgau Politische Gemeinde Münsterlingen 3.476
18%
Bodenseekreis Baden-Württemberg Gemeinde Stetten 1.043
18%
Kreuzlingen Thurgau Politische Gemeinde Ermatingen 3.455
16%
Kreuzlingen Thurgau Politische Gemeinde Güttingen 1.591
16%
Frauenfeld Thurgau Politische Gemeinde Steckborn 3.753
16%
Kreuzlingen Thurgau Politische Gemeinde Tägerwilen 4.642
16%
Kreuzlingen Thurgau Politische Gemeinde Gottlieben 340
13%
Konstanz Baden-Württemberg Gemeinde Öhningen 3.671
13%
Rorschach St. Gallen Politische Gemeinde Rorschacherberg 7.286
11%
Kreuzlingen Thurgau Politische Gemeinde Altnau 2.244
9%
Bregenz Vorarlberg Gemeinde Höchst 8.108
9%
Rorschach St. Gallen Politische Gemeinde Steinach 3.606
9%
Rorschach St. Gallen Politische Gemeinde Thal 6.571
9%
Rorschach St. Gallen Politische Gemeinde Tübach 1.461
9%
Bregenz Vorarlberg Gemeinde Gaißau 1.843
7%
Arbon Thurgau Politische Gemeinde Kesswil 992
7%
Frauenfeld Thurgau Politische Gemeinde Mammern 654
7%
Arbon Thurgau Politische Gemeinde Salmsach 1.457
7%
Arbon Thurgau Politische Gemeinde Uttwil 1.857
7%
Frauenfeld Thurgau Politische Gemeinde Berlingen 917
4%
Arbon Thurgau Politische Gemeinde Egnach 4.711
4%
Frauenfeld Thurgau Politische Gemeinde Eschenz 1.743
4%
Kreuzlingen Thurgau Politische Gemeinde Salenstein 1.323
4%
Bregenz Vorarlberg Gemeinde Fußbach 3.912
0%
Keine übereinstimmenden Quizze gefunden
Verteilung der Resultate
Anzahl Personen mit jedem Resultat
Perzentil nach korrekt beantworteten Fragen
Ihre Resultats-Entwicklung
Sie haben dieses Quiz noch nicht gespielt